000 00389nam a22001337a 4500
008 131220b xxu||||| |||| 00| 0 eng d
020 _a0140041702
050 _aPQ2651.A274S6
100 _aSaint-Exupery
_96489
245 _aSouthern mail and Night flight
_cSaint-Exupery, Antoine de
260 _aHarmondsworth
_bPenguin Books
_c1976
300 _a174p.;
_c18cm
942 _2lcc
_cMONOGRAPH
999 _c119494
_d119494